Királyi - Öröm - Nap felséges II. Leopold.

Bibliographic Details
Format: Book
Language:English
PhysicalDescription:21 s.
Published: Lótsén Nemes Podhoranszki Mihály [s.a.]

MARC

LEADER 00000nam a2200000 a 4500
001 vtls008933829
003 SK-MaSNL
005 20260224074758.0
008 070109 000 0 eng
040 |a SNK  |b slo  |c SNK  |e AACR2 
245 1 |a Királyi - Öröm - Nap felséges II. Leopold. 
260 |a Lótsén  |b Nemes Podhoranszki Mihály  |c [s.a.] 
300 |a 21 s. 
999 |c 912331  |d 914261 
952 |a SNK  |b SNK  |y PREZ  |7 0  |p 17A0699588  |o snkSD 3420/6  |i snk1949/33  |3 rekatalogizácia  |0 0  |1 0  |4 0  |d 2011-06-15  |l 0  |r 2025-11-05 00:00:00  |w 2026-02-24 
952 |a SNK  |b SNK  |y PREZ  |7 0  |p 17X08933829002  |o snkSD 3420/6 D1  |i snkKSF 1816/58  |8 4  |3 rekatalogizácia  |0 0  |1 0  |4 0  |d 2007-01-09  |l 0  |r 2026-02-24 07:47:58  |w 2026-02-24